000 00609nam a2200229 a 4500
005 20210219153343.0
008 991125n 000 0 u
035 _aUPN01000093337
100 _aHarman, Susan
222 _aPHI DELTA KAPPAN
245 _aThe power to cloud our minds
300 _a178
362 _a74, No. 2, 1992
505 _aFebrero 1993
653 0 _aDESTREZAS DEL PENSAMIENTO
653 0 _aPROBLEMAS DE APRENDIZAJE
653 0 _aPRUEBAS DE OPCION MULTIPLE
653 0 _aPRUEBAS DE PROBLEMAS
653 0 _aREADING DIFFICULTIES
904 _aAC
_b031148
905 _aArticulo
999 _c74660
_d74660